Santa Maria de las Flores

Saved in:
書目詳細資料
主要作者: Genet, Jean
格式: 圖書
語言:英语
標簽: 添加標簽
沒有標簽, 成為第一個標記此記錄!

MARC

LEADER 00000nam a2200000 4500
001 CDOM0000002611
003 mi
005 20250925150735.0
008 250925b |||||||| |||| 00| 0 eng d
040 |c mi 
100 |a Genet, Jean 
245 1 |a Santa Maria de las Flores  
942 |2 ddc  |c BK 
952 |0 0  |1 0  |2 ddc  |4 0  |7 0  |9 6097  |a MI  |b MI  |d 2006-07-04  |i 809  |l 0  |p CDOM809  |r 2025-07-13 16:28:00  |w 2025-07-13  |x SCAMBIO INTERBIBLIOTECARIO  |y BK 
999 |c 4870  |d 4870